| 000 | 01005nam a2200289 a 4500 | ||
|---|---|---|---|
| 001 | 000022118 | ||
| 005 | 20200930011605.0 | ||
| 008 | 100916s1987 ag r 000 fbspa d | ||
| 020 | _a9503701910 | ||
| 040 |
_aDO-SdBNP _bspa _cBNPHU |
||
| 082 |
_a891.863 _bK96l, 1987 |
||
| 100 | 1 |
_aKundera, Milan, _d1929- _945818 |
|
| 240 | 1 | 0 |
_aKniha smichu a zapomněni. _lEspañol |
| 245 | 1 | 3 |
_aEl libro de la risa y el olvido / _cMilan Kundera; traducción de Fernando de Valenzuela. |
| 250 | _a4a ed. | ||
| 260 |
_aBarcelona, (Español) : _bSeix Barral : _bSudamerica-Planeta, _c1987. |
||
| 300 |
_a327 p. ; _c20 cm. |
||
| 490 | 1 |
_aSeix Barral; _v16 |
|
| 500 | _aIncluye notas al pie de las páginas | ||
| 534 |
_aTíitulo original : _tKniha smichu a zapomněni |
||
| 650 | 4 |
_aNovela checoslovaca _945819 |
|
| 650 | 4 |
_aLiteratura checoslovaca _945820 |
|
| 650 | 4 |
_aExpatriación en literatura _945821 |
|
| 700 | 1 |
_aValenzuela, Fernando de _etr. _945822 |
|
| 830 | 0 |
_aSeix Barral; _v16 _945046 |
|
| 049 | _aBNGR | ||
| 999 |
_c21616 _d21616 |
||